| 000 | 00865nam a2200205Ia 4500 | ||
|---|---|---|---|
| 003 | GCL | ||
| 005 | 20240530102016.0 | ||
| 008 | 140319s9999 xx 000 0 ara d | ||
| 040 |
_aGCL / _cGCL |
||
| 082 | 0 | 4 |
_a810.95 _bا ز |
| 100 | 0 | _aاحمد محمد الحوفى | |
| 245 | 1 | 0 |
_aالزمخشرى / _cاحمد محمد الحوفى ؛ الزمخشرى: جارالله ابوالقاسم محمود بن عمر بن محمد بن احمد الخورازمى |
| 260 |
_a[S.N] : _bالهيئة المصرية العامة للكتاب ، _c1980 |
||
| 300 | _a333 ص | ||
| 650 | 0 | 4 | _aالادب العربى |
| 650 | 0 | 4 | _aالدولة العباسية الثانية |
| 650 | 0 | 4 | _aتاريخ ونقد |
| 700 | 1 | _aالزمخشرى: جارالله ابوالقاسم محمود بن عمر بن محمد بن احمد الخورازمى | |
| 942 |
_2ddc _cBK |
||
| 999 |
_c29328 _d29328 |
||